<?xml version="1.0" encoding="UTF-8"?>
<record
    xmlns:xsi="http://www.w3.org/2001/XMLSchema-instance"
    xsi:schemaLocation="http://www.loc.gov/MARC21/slim http://www.loc.gov/standards/marcxml/schema/MARC21slim.xsd"
    xmlns="http://www.loc.gov/MARC21/slim">

  <leader>00528nam a2200169 a 4500</leader>
  <controlfield tag="001">000020844</controlfield>
  <controlfield tag="005">20200930011156.0</controlfield>
  <controlfield tag="008">100818s2000    xxua          000 0 spa d</controlfield>
  <datafield tag="020" ind1=" " ind2=" ">
    <subfield code="a">0072309237</subfield>
  </datafield>
  <datafield tag="020" ind1=" " ind2=" ">
    <subfield code="a">0072404892</subfield>
  </datafield>
  <datafield tag="040" ind1=" " ind2=" ">
    <subfield code="a">DO-SdBNP</subfield>
    <subfield code="b">spaeng</subfield>
    <subfield code="c">BPJMB</subfield>
  </datafield>
  <datafield tag="082" ind1=" " ind2=" ">
    <subfield code="a">xxx</subfield>
    <subfield code="b">N597m</subfield>
  </datafield>
  <datafield tag="100" ind1="1" ind2=" ">
    <subfield code="a">Nicholas, Robert L.</subfield>
    <subfield code="9">28070</subfield>
  </datafield>
  <datafield tag="245" ind1="1" ind2="0">
    <subfield code="a">Motivos de conversaci&#xF3;n :</subfield>
    <subfield code="b">essentials of spanish, /</subfield>
    <subfield code="c">Robert L. Nicholas, Mar&#xED;a Canteli Dominicis.</subfield>
  </datafield>
  <datafield tag="300" ind1=" " ind2=" ">
    <subfield code="a">440 p. :</subfield>
    <subfield code="b">il. ;</subfield>
    <subfield code="c">26 cm.</subfield>
  </datafield>
  <datafield tag="700" ind1="1" ind2=" ">
    <subfield code="a">Canteli Dominicis, Mar&#xED;a</subfield>
    <subfield code="9">43693</subfield>
  </datafield>
  <datafield tag="999" ind1=" " ind2=" ">
    <subfield code="c">20347</subfield>
    <subfield code="d">20347</subfield>
  </datafield>
</record>
